<?xml version="1.0" encoding="UTF-8"?>
<record
    xmlns:xsi="http://www.w3.org/2001/XMLSchema-instance"
    xsi:schemaLocation="http://www.loc.gov/MARC21/slim http://www.loc.gov/standards/marcxml/schema/MARC21slim.xsd"
    xmlns="http://www.loc.gov/MARC21/slim">

  <leader>00562nam a2200133Ia 4500</leader>
  <controlfield tag="008">100328s9999    xx            000 0 und d</controlfield>
  <datafield tag="082" ind1=" " ind2=" ">
    <subfield code="b">38620</subfield>
  </datafield>
  <datafield tag="100" ind1=" " ind2=" ">
    <subfield code="a">&#x92A;&#x947;&#x920;&#x947; &#x938;&#x941;&#x939;&#x93E;&#x938;-&#x905;&#x928;&#x941;.(&#x92E;&#x942;&#x933; &#x932;&#x947;&#x916;&#x915;-&#x92E;&#x939;&#x947;&#x928;&#x94D;&#x926;&#x94D;&#x930; &#x92E;&#x93F;&#x924;&#x94D;&#x924;&#x932;)</subfield>
  </datafield>
  <datafield tag="245" ind1=" " ind2=" ">
    <subfield code="a">&#x915;&#x93E;&#x932;&#x91A;&#x915;&#x94D;&#x930; (&#x927;&#x941;&#x902;&#x926;&#x932;&#x940; &#x930;&#x947;&#x916;&#x93E;&#x90F;&#x901;).</subfield>
  </datafield>
  <datafield tag="260" ind1=" " ind2=" ">
    <subfield code="b">&#x936;&#x92C;&#x94D;&#x926; &#x938;&#x928;&#x94D;&#x92E;&#x93E;&#x928;</subfield>
  </datafield>
  <datafield tag="630" ind1=" " ind2=" ">
    <subfield code="a">&#x915;&#x93E;&#x932;&#x91A;&#x915;&#x94D;&#x930; (&#x927;&#x941;&#x902;&#x926;&#x932;&#x940; &#x930;&#x947;&#x916;&#x93E;&#x90F;&#x901;).</subfield>
  </datafield>
  <datafield tag="730" ind1=" " ind2=" ">
    <subfield code="a">&#x915;&#x93E;&#x932;&#x91A;&#x915;&#x94D;&#x930; (&#x927;&#x941;&#x902;&#x926;&#x932;&#x940; &#x930;&#x947;&#x916;&#x93E;&#x90F;&#x901;).</subfield>
  </datafield>
  <datafield tag="942" ind1=" " ind2=" ">
    <subfield code="c">BOOK</subfield>
  </datafield>
  <datafield tag="999" ind1=" " ind2=" ">
    <subfield code="c">527777</subfield>
    <subfield code="d">527774</subfield>
  </datafield>
  <datafield tag="952" ind1=" " ind2=" ">
    <subfield code="0">0</subfield>
    <subfield code="1">0</subfield>
    <subfield code="4">0</subfield>
    <subfield code="7">0</subfield>
    <subfield code="a">RNV</subfield>
    <subfield code="b">RNV</subfield>
    <subfield code="d">2010-03-28</subfield>
    <subfield code="l">0</subfield>
    <subfield code="p">RNV-38620</subfield>
    <subfield code="r">2010-03-28 00:00:00</subfield>
    <subfield code="w">2010-03-28</subfield>
    <subfield code="y">BOOK</subfield>
  </datafield>
</record>
